The one minute manager meets the monkey

Zapisane w:
Opis bibliograficzny
1. autor: Blanchard, Kenneth
Format: Książka
Język:Undetermined
Wydane: New York Quill 1989
Hasła przedmiotowe:
Etykiety: Dodaj etykietę
Nie ma etykietki, Dołącz pierwszą etykiete!
Thư viện lưu trữ: Trung tâm Học liệu Trường Đại học Cần Thơ
LEADER 00524nam a2200181Ia 4500
001 CTU_79147
008 210402s9999 xx 000 0 und d
082 |a 656.4 
082 |b B56 
100 |a Blanchard, Kenneth 
245 4 |a The one minute manager meets the monkey 
245 0 |c Kenneth Blanchard, William Oncken, Hal Burrows 
260 |a New York 
260 |b Quill 
260 |c 1989 
650 |a Exercutives,Management time 
650 |x Time management 
980 |a Trung tâm Học liệu Trường Đại học Cần Thơ